Psychological testing : (Record no. 140)
[ view plain ]
| 000 -LEADER | |
|---|---|
| fixed length control field | 00983cam a2200265 a 4500 |
| 003 - CONTROL NUMBER IDENTIFIER | |
| control field | ALUPE UNIVERSITY |
| 005 - DATE AND TIME OF LATEST TRANSACTION | |
| control field | 20210604055452.0 |
| 008 - FIXED-LENGTH DATA ELEMENTS--GENERAL INFORMATION | |
| fixed length control field | 0 |
| 020 ## - INTERNATIONAL STANDARD BOOK NUMBER | |
| International Standard Book Number | 053426364X |
| 040 ## - CATALOGING SOURCE | |
| Transcribing agency | DLC |
| 050 00 - LIBRARY OF CONGRESS CALL NUMBER | |
| Classification number | BF176 |
| Item number | .K36 1997 |
| 050 99 - LIBRARY OF CONGRESS CALL NUMBER | |
| Classification number | BF176 |
| Item number | .K36 1997 |
| 092 ## - LOCALLY ASSIGNED DEWEY CALL NUMBER (OCLC) | |
| Classification number | 150.287 |
| Item number | K17, P974, 1997 |
| 100 1# - MAIN ENTRY--PERSONAL NAME | |
| Personal name | Kaplan, Robert M. |
| Dates associated with a name | 1947- |
| Authority record control number or standard number | http://id.loc.gov/authorities/names/nb90144096 |
| 245 10 - TITLE STATEMENT | |
| Title | Psychological testing : |
| Remainder of title | principles, applications, and issues / |
| Statement of responsibility, etc. | Robert M. Kaplan, Dennis P. Saccuzzo. |
| 250 ## - EDITION STATEMENT | |
| Edition statement | 4th ed. |
| 260 ## - PUBLICATION, DISTRIBUTION, ETC. | |
| Place of publication, distribution, etc. | Pacific Grove, CA : |
| Name of publisher, distributor, etc. | Brooks/Cole Pub. Co., |
| Date of publication, distribution, etc. | c1997. |
| 300 ## - PHYSICAL DESCRIPTION | |
| Extent | xxiii, 724 p. : |
| Other physical details | ill. ; |
| Dimensions | 24 cm. |
| 504 ## - BIBLIOGRAPHY, ETC. NOTE | |
| Bibliography, etc. note | Includes bibliographical references (p. 647-702) and indexes. |
| 650 #0 - SUBJECT ADDED ENTRY--TOPICAL TERM | |
| Topical term or geographic name entry element | Psychological tests. |
| Authority record control number or standard number | http://id.loc.gov/authorities/subjects/sh85108448 |
| 700 1# - ADDED ENTRY--PERSONAL NAME | |
| Personal name | Saccuzzo, Dennis P., |
| Dates associated with a name | 1947- |
| Authority record control number or standard number | http://id.loc.gov/authorities/names/n81087886 |
| 942 ## - ADDED ENTRY ELEMENTS (KOHA) | |
| Source of classification or shelving scheme | |
| Koha item type | Book |
| Suppress in OPAC | JO |
| Withdrawn status | Lost status | Source of classification or shelving scheme | Damaged status | Not for loan | Permanent Location | Current Location | Shelving location | Date acquired | Total Checkouts | Full call number | Barcode | Date last seen | Price effective from | Koha item type | Public note |
|---|---|---|---|---|---|---|---|---|---|---|---|---|---|---|---|
| AU LIBRARY | AU LIBRARY | Open Shelf | 04.06.2021 | BF176 .K36 1997 | 28000025 | 04.06.2021 | 04.06.2021 | Book | JO |